| 000 | 00423cam a2200169ua 4500 | ||
|---|---|---|---|
| 041 |
_aeng _h |
||
| 082 |
_a822 _bJON/BE |
||
| 100 | _aJohnson, Ben . | ||
| 245 |
_aBen Johnson / _cBen Johnson. _hTextual Documents |
||
| 260 |
_aLondon : _bErnest Benn Ltd , _c1952. |
||
| 300 | _a421 ; . | ||
| 440 | 0 |
_aThe Mermaid Series, _v _x; |
|
| 490 | 0 |
_aThe Mermaid Series, _v _x; |
|
| 504 | _a | ||
| 942 | _cBK | ||
| 999 |
_c5888 _d5888 |
||